LEADER 01488nam a2200301 i 4500 001 000000248780 003 CaOOAMICUS 005 20160413000000.0 008 160413s2015 fr u000 u fre u 013 $a227685 020 $a978-2-204-10476-0 040 $aSeMil$bita 245 10$aPhilosophie et mystique chez Stanislas Breton :$bcolloque de Cerisy-la-Salle (août 2011) /$cJean Greisch, Jérôme de Gramont et Marie-Odile Métral (dir.) 260 $aParis :$bLes Éditions du Cerf,$c2015. 300 $a383 p. ;$c22 cm. 490 0 $aPhilosophie & théologie 600 14$aBreton, Stanislas .$0(OLS)http://semarc/subject/15690 650 4$aFilosofia e mistica - Atti di congressi.$0(OLS)http://semarc/subject/33772 700 1 $aGreisch, Jean,$d<1942- >.$0(OLS)http://semarc/name/3742 700 1 $aMétral, Marie-Odile <1944-2015>.$0(OLS)http://semarc/name/56906 700 1 $aGramont, Jérôme : de.$0(OLS)http://semarc/name/83140 830 0$aPhilosophie & théologie.$0(OLS)http://semarc/title/8604 850 $aSeMil 852 $aSeMil$W1$xVenegono$y1$m2XA A 9$j199126$B199126$CSeMilBibl$Z2$F210584 $81 961 $aSottoscrizione: Cerf (Éditions) 996 $6020$a978-2-204-10476-0$9(OLS)http://semarc/number/258657 996 $6245$aPhilosophie et mystique chez Stanislas Breton :$bcolloque de Cerisy-la-Salle (août 2011)$9(OLS)http://semarc/title/351006 996 $6260$aParis :$bLes Éditions du Cerf$9(OLS)http://semarc/publisher/29611 LEADER 01567nam a2200289 i 4500 001 000000240600 003 CaOOAMICUS 005 20250807111242.0 008 150402s1792 it u000 u ita u 013 $a219505 026 $adoo, leno leEh eusi (3) 1792 (Q) 040 $aSeMil$bita 100 1 $aTurchi, Adeodato .$0(OLS)http://semarc/name/5422 245 10$aOmelia dell'illustrissimo e reverendissimo monsignore fr. Adeodato Turchi ... Recitata nel giorno di Pentecoste dell'anno 1792. Sopra i beni temporali della cattolica chiesa. 260 $aParma :$bDalla Stamperia vescovile di Marco Rossi e Andrea Ubaldi,$c1792. 300 $a24 p. ;$c4°. 500 $aData di stampa presunta, 1792, nel titolo 500 $aStemma del Turchi sul front. 500 $aSegn.: *12 773 0 $aTurchi, Adeodato $t[Omelie, lettere pastorali, indulti, ecc. di monsignor Fr. Adeodato Turchi ...].$dParma : Dalla Stamperia vescovile di Marco Rossi, e Andrea Ubaldi, 1789.$w()11210 850 $aSeMil 852 $aSeMil$W1$xVenegono$y1$m3F VI 1/21 FA$j190946$B190946$CSeMilBibl$Z2$F201770 $8I 941 1 $a10 961 $aRecupero: Mantegazza 996 $6245$aOmelia dell'illustrissimo e reverendissimo monsignore fr. Adeodato Turchi ... Recitata nel giorno di Pentecoste dell'anno 1792. Sopra i beni temporali della cattolica chiesa$9(OLS)http://semarc/title/342160 996 $6260$aParma :$bDalla Stamperia vescovile di Marco Rossi e Andrea Ubaldi$9(OLS)http://semarc/publisher/54463